1 lettre, 1 animal - Statistiques

Statistiques générales
  • Ce quiz a été pris 253 fois
    150 depuis la dernière actualisation
  • Le résultat moyen est 10 sur 10
Statistiques - réponses
Hint Réponse % Correct
Autriche Autruche
100%
Bûche Biche
99%
Tison Bison
96%
Blette Blatte
96%
Bourbon Bourdon
96%
Crochet Brochet
95%
Haleine Baleine
94%
Buvard Busard
94%
Base Hase
94%
Harpe Carpe
90%
Aucun quiz correspondant
Distribution des résultats
% des personnes avec chaque résultat
Percentile par nombre de réponses
Votre historique - résultats
Vous n’avez pas pris ce quiz depuis la dernière actualisation